|
|
|
|
| LEADER |
00626nab a2200193 i 4500 |
| 001 |
univ10921 |
| 005 |
20250225081534.0 |
| 008 |
170925s1953 hu o 000 hun d |
| 022 |
|
|
|a 0230-791X
|
| 040 |
|
|
|a SZTE UnivHistória Repozitórium
|b hun
|
| 041 |
|
|
|a hun
|
| 100 |
1 |
|
|a Flórizs Elek
|
| 245 |
1 |
2 |
|a A marxizmus-leninizmus oktatásáról
|h [elektronikus dokumentum] /
|c Flórizs Elek
|
| 260 |
|
|
|c 1953
|
| 300 |
|
|
|a 1
|
| 490 |
0 |
|
|a Szegedi Egyetem
|v 1 No. 7
|
| 561 |
|
|
|a Egyetemi, hallgatói élet
|
| 695 |
|
|
|a Oktatás - marxizmus-leninizmus
|
| 856 |
4 |
0 |
|u http://univ.bibl.u-szeged.hu/10921/1/sze_1953_007_001.pdf
|z Dokumentum-elérés
|